Najczęściej zgadywane państwa świata A-Z - Statystyki

Ogólne statystyki
  • Ten quiz został rozwiązany 53 razy
  • Średni wynik to 20 z 24
Statystyki odpowiedzi
Litera % Państwo % Poprawnych
Ł 87 Łotwa
96%
P 96 Polska
96%
D 86 Dania
94%
E 85 Estonia
94%
F 94 Francja
94%
G 85 Grecja
94%
O 56 Oman
94%
R 95 Rosja
94%
H 92 Hiszpania
91%
L 90 Litwa
89%
T 85 Turcja
87%
A 87 Australia
85%
N 94 Niemcy
85%
B 90 Białoruś
83%
J 87 Japonia
81%
U 93 Ukraina
81%
W 92 Włochy
81%
C 92 Chiny
79%
V 13 Vanuatu
77%
I 86 Irlandia
74%
S 94 Stany Zjednoczone
72%
Z 54 Zjednoczone Emiraty Arabskie
66%
K 91 Kanada
57%
M 87 Meksyk
53%
Nie znaleziono quizów pasujących do podanych kryteriów
Rozkład punktacji
Procent ludzi z każdym wynikiem
Percentyl według liczby udzielonych odpowiedzi
Twoja historia wyników
Nie rozwiązałeś tego quizu